Historische Persönlichkeiten im Twitter-Zeitalter - Statistiken

Allgemein
  • Dieses Quiz wurde 56 mal gespielt
  • Das Durchschnittsergebnis liegt bei 6 aus 8
Antwortstatistiken
Tweet Persönlichkeit % Korrekt
"Bin drei Tage offline. Komme Sonntag zurück." #RIP #AuferstehungIncoming Jesus Christus
98%
"95 Hot Takes an die Kirchentür genagelt 🔥👊. Gott ist nicht käuflich! #RealTalk" Martin Luther
96%
"Hab 'nen Kontinent entdeckt. War aber schon jemand da. Egal 🤷 #NeuesLand #Real" Christoph Kolumbus
94%
"Mir ist ein Apfel auf den Kopf geknallt. Schwerkraft ist real 💀🍎 #Physics #MindBlown" Isaac Newton
90%
"OMG Leute. RIP mein Haar. Aber Wissenschaft braucht Mut. Und Radioaktivität #Haarausfall" Marie Curie
76%
"Krone verloren. Kopf gleich mit. Merci beaucoup. #GuillotineVibes" Marie Antoinette
50%
"Ich so: 👑📦🛳️ Briten so: 😡🔫 Kolonien so: ✌️🎇 #TeaPartyGoneWrong" George Washington
36%
"Neue Message am Start: Glaube, Frieden & Gerechtigkeit für alle 🤚📜 #Umma #OneGod" Mohammed
16%
Keine übereinstimmenden Quizze gefunden
Verteilung der Resultate
Anzahl Personen mit jedem Resultat
Perzentil nach korrekt beantworteten Fragen
Ihre Resultats-Entwicklung
Sie haben dieses Quiz noch nicht gespielt